00704 2200265 4500001002100000005001700021008004100038020001800079035002400097082001400121090002100135100001900156245005600175260003500231300003100266500003100297500001100328650002400339700001200363850001500375980001300390985000600403986001400409999001500423YOGYA-0209000001057420090227022043.0 ind  a979-539-004-x 0010-020900000010574 a338.17372 a338.17372bSet T aSETIAWATI, Ita aTehbKajian Sosial-EkonomicIta, Setiawati, Nasikun aYogyakartabAditya Mediac1991 axxiv, 209 hlmbilusc21 cm aBibliografi : hlm. 189-193 aIndeks aTeh - Aspek Ekonomi aNasikun aYOPDYOG(B) a19-07-05 a1 aMARrthrev a99P0000161